000 00566nam a2200193 i 4500
001 93160
003 ES-MaACL
005 20230906181133.0
007 t|
008 050408s1932 fr |||| | fre d
080 _a94(497)
100 1 _aLondres, Albert.
_973224
245 1 4 _aLes comitadjis ou Le terrorisme dans les Balkans /
_cAlbert Londres.
246 3 0 _aLe terrorisme dans les Balkans
260 _aParis :
_b[s.n.],
_c[1932] (
_fE. Rambot)
300 _a250 p. ;
_c19 cm.
651 4 _aPaíses balcánicos-
_xHistoria.
_99168
852 _aES-MaACL
_jF-13854
999 _c93160
_d93160